Music Quiz

Random Music or Lyrics Quiz

Misheard Lyrics Quiz Stats

 Plays Quiz Updated Dec 31, 2016

Support Sporcle.
Go Orange.
Score 0/14 Timer 05:00
11 Plays Today
Wrong Lyric Correct Lyric % Correct
Like a virgin touched for the thirty-first time.Like a virgin touched for the very first time.
83.9%
Hit me with your pet sharkHit me with your best shot.
76.4%
It doesn't make a difference if we're naked or not.It doesn't make a difference if we make it or not.
75.8%
We built this city on the wrong damn road.We built this city on rock and roll.
67.6%
'Scuse me, while I kiss this guy.'Scuse me, while I kiss the sky.
58.1%
Let's pee in the corner, Let's pee in the spotlight.That's me in the corner, That's me in the spotlight.
51.5%
Hold me close. Tie me down, sir.Hold me closer, tiny dancer.
42.6%
Wrong Lyric Correct Lyric % Correct
Here we are now in containersHere we are now, entertain us.
42%
Slow motion Walter, the fire engine guy.Smoke on the water, fire in the sky
23.2%
Shamu the mysterious whaleShe moves in mysterious ways.
18.5%
The algebra has a devil for a sidekick eeeeeeeeee....Beelzebub has a devil put aside for me...
16%
You made the rice, I made the gravy...You may be right, I may be crazy...
15.9%
You've been outright offensive, for so long now...You've been out riding fences, for so long now...
14.3%
Wrapped up like a douche and then you roller in the night.Revved up like a deuce, another runner in the night.
7.8%

From the Vault

Asian Cities: Real or Fake

by Velkhan

You can either visit Donggal or Kyzylorda, but not both. Because one of them doesn't exist.
Remove Ads.
Support Sporcle.
Get the best of Sporcle when you Go Orange. This ad-free experience offers more features, more stats, and more fun while also helping to support Sporcle. Thank you for becoming a member.

Show Comments

Extras

Top Quizzes Today


Score Distribution

Your Account Isn't Verified!

In order to create a playlist on Sporcle, you need to verify the email address you used during registration. Go to your Sporcle Settings to finish the process.

Report this User

Report this user for behavior that violates our Community Guidelines.

Details: